It looks like you're offline.
Open Library logo
additional options menu

MARC record from Internet Archive

LEADER: 03501cam 2200745 a 4500
001 ocm62281504
003 OCoLC
005 20200718055439.0
008 051101s2006 mnua j b 001 0beng
010 $a 2005031211
040 $aDLC$beng$cDLC$dBAKER$dJP3$dXY4$dQBX$dBTCTA$dOCL$dCQU$dOCLCQ$dBDX$dYDXCP$dOCLCO$dOCLCF$dOCLCO$dOCLCQ$dTDS$dOCLCO$dOCL$dOCLCQ$dOCLCO$dBYV$dCHILD$dGRC$dOCLCA$dOCLCQ$dOCLCO$dNFR$dOCL
019 $a166380856
020 $a0736854886$q(hardcover ;$qalk. paper)
020 $a9780736854887$q(hardcover ;$qalk. paper)
020 $a9780736868877
020 $a0736868879
035 $a(OCoLC)62281504$z(OCoLC)166380856
043 $an-us---
050 00 $aE332.79$b.D64 2006
082 00 $a973.4/6092$aB$222
100 1 $aDoeden, Matt.
245 10 $aThomas Jefferson :$bgreat American /$cby Matt Doeden ; illustrated by Gordon Purcell and Terry Beatty.
260 $aMankato, Minn. :$bCapstone Press,$c©2006.
300 $a32 pages :$bcolor illustrations ;$c24 cm.
336 $atext$btxt$2rdacontent
337 $aunmediated$bn$2rdamedia
338 $avolume$bnc$2rdacarrier
490 1 $aGraphic library. Graphic biographies
520 $a"In graphic novel format, tells the life story of President Thomas Jefferson, who authored the Declaration of Independence"--Provided by publisher.
504 $aIncludes bibliographical references (pages 30-31) and index.
505 0 $aYoung Thomas Jefferson -- Family man and founding father -- Triumph and tragedy -- President Jefferson -- More about Thomas Jefferson -- Glossary -- Internet sites -- Read more -- Bibliography -- Index.
600 10 $aJefferson, Thomas,$d1743-1826$vJuvenile literature.
600 17 $aJefferson, Thomas,$d1743-1826$2fast$0(OCoLC)fst00040754
600 17 $aJefferson, Thomas,$d1743-1826.$2sears
650 0 $aPresidents$zUnited States$vBiography$vJuvenile literature.
650 1 $aJefferson, Thomas,$d1743-1826.
650 1 $aPresidents.
650 7 $aPresidents.$2fast$0(OCoLC)fst01075723
651 7 $aUnited States.$2fast$0(OCoLC)fst01204155
650 7 $aPresidents$zUnited States$vBiography.$2sears
650 7 $aGraphic novels.$2sears
655 7 $aGraphic novels.$2fast$0(OCoLC)fst01726630
655 7 $aBiographies.$2fast$0(OCoLC)fst01919896
655 7 $aJuvenile works.$2fast$0(OCoLC)fst01411637
655 7 $aGraphic novels.$2lcgft
655 04 $aJuvenile works.
700 1 $aPurcell, Gordon,$eillustrator.
700 1 $aBeatty, Terry,$eillustrator.
830 0 $aGraphic library.$pGraphic biographies.
856 41 $3Table of contents$uhttp://catdir.loc.gov/catdir/toc/ecip062/2005031211.html
856 42 $uhttp://www.facthound.com/CategorySearch.aspx?ISBN=0736854886$zFactHound offers Internet sites related to this book
938 $aBaker & Taylor$bBKTY$c7.95$d5.96$i0736868879$n0007386931$sactive
938 $aBaker & Taylor$bBKTY$c25.26$d25.26$i0736854886$n0006596771$sactive
938 $aBrodart$bBROD$n04324498$c$29.32
938 $aBaker and Taylor$bBTCP$nBK0007386931
938 $aChildren's Plus, Inc.$bCHIL$n1903692
938 $aChildren's Plus, Inc.$bCHIL$n84874
938 $aChildren's Plus, Inc.$bCHIL$n2027795
938 $aQuality Books, Inc.$bQUAL$na 05031211
938 $aYBP Library Services$bYANK$n8256891
938 $aYBP Library Services$bYANK$n8449211
029 1 $aAU@$b000028673397
029 1 $aQBX$ba 05031211
994 $aZ0$bP4A
948 $hNO HOLDINGS IN P4A - 255 OTHER HOLDINGS